000 00389nam a2200133Ia 4500
008 231221s9999 xx 000 0 und d
020 _a978-3-642-28595-0
041 _aEnglish
100 _aAlexandru Forrai
245 0 _aEmbedded Control System Design
260 _c2013
_bSpringer Berlin Heidelberg
_aNew York
650 _aControl; Industrial and Production Engineering
942 _cEB
999 _c229407
_d229407